000 01129nam a2200289Ia 4500
008 130821s2004 sp gr spa
020 _a84 8442 867 2
040 _aCo-BoUCM
_bspa
041 0 0 _aspa
245 0 0 _aExtranjería e inmigración Aspectos jurídicos y socioeconómicos
_cMiguel Ángel Presno Linera, coordinador ; Benito Aláez Corral...[et al.]
260 _aValencia (España)
_bTirant lo Blanch
_c2004
300 _a350 páginas
490 0 _aTirant monografías
_v296.
500 _aIncluye índice.
650 _aDerecho internacional
_912776
650 _aEmigración e inmigración
_xLegislación
_914050
650 _aExtranjeros
_xLegislación
_915495
650 _aExtranjeros
_xLegislación
_915495
700 1 _aAláez Corral, Benito
_9133648
700 1 _aFranco Pérez, Antonio-Filiu
_9168661
700 1 _aJiménez Blanco, Pilar
_9168662
700 1 _aPresno Linera, Miguel Ángel
_ecoord.
_9168663
700 1 _aRega Rodríguez, Ana Luisa
_9168664
700 1 _aVillaverde Menéndez, Ignacio
_9168665
942 _cLIBRO
_2DEWEY
_a8
_e1
_h341.484
_mE969
999 _c73591
_d73591